Electrochimie - Statistiques

Statistiques générales
  • Ce quiz a été pris 343 fois
  • Le résultat moyen est 6 sur 10
Statistiques - réponses
Indice Réponse % Correct
2 oxygène
89%
4 azote
81%
8 carbone
74%
1 fluor
72%
3 chlore
64%
5 brome
53%
9 hydrogène
53%
7 soufre
51%
10 phosphore
49%
6 iode
45%
Aucun quiz correspondant
Distribution des résultats
% des personnes avec chaque résultat
Percentile par nombre de réponses
Votre historique - résultats
Vous n’avez pas pris ce quiz